000 00615nam a22001937a 4500
005 20140324125832.0
010 _aENG-109616
020 _c100.00
035 _aEN-93149
037 _bDBAD/PUB
100 _aRagland, Annie
245 _aDevelopmental botany and experimental embryology /
_cby Annie Ragland [and] V. Kumaresan
260 _bSaras Publication
_c2013
_aKanyakumari
270 _bKanyakumari
_e629002
_a114/35G, A. R. P. Camp Road, Periavilai, Kottar P. O., Nagercoil
300 _axii,328p. :
_c18cm(pbk)
_bill
500 _aIncludes index
700 _aKumaresan, V.
942 _2ddc
_cEN
_mRAG
999 _c83157
_d83157